Simulácia logistických procesov v elektronickom priemysle

Enregistré dans:
Détails bibliographiques
Auteur principal: Grman, Peter, 1988- (Auteur)
Autres auteurs: Kňažík, Marek, 1974- (Directeur de thèse)
Format: Manuscrit Livre
Langue:slovaque
Publié: Trnava : STU v Bratislave MTF UIAM, 2012
Sujets:
Accès en ligne:VAIS
Tags: Ajouter un tag
Pas de tags, Soyez le premier à ajouter un tag!

MARC

LEADER 00000ntm a22000003a 4500
001 stu248849
005 20160719160703.8
008 120620s2012----xo------------------slo-d
040 |a STU  |b slo 
041 0 |a slo 
044 |a xo 
100 1 |a Grman, Peter,  |d 1988-  |4 aut  |X 48166  |7 A000048166 
242 0 0 |a Simulation of logistic processes in electronic industry  |y eng 
245 1 |a Simulácia logistických procesov v elektronickom priemysle 
260 |a Trnava :  |b STU v Bratislave MTF UIAM,  |c 2012 
300 |a 74s  |c CD ROM 
650 7 |a aplikovaná informatika a automatizácia v priemysle  |2 stusub 
650 7 |a Applied Informatics and Automation in Industry  |2 estusub 
650 7 |a logistics  |2 estusub 
650 7 |a analysis  |2 estusub 
650 7 |a simulation  |2 estusub 
650 7 |a analýza  |2 stusub 
650 7 |a simulácia  |2 stusub 
700 1 |a Kňažík, Marek,  |d 1974-  |4 ths  |u M6000  |U MTF Materiálovotechnologická fakulta  |T MTF Ústav aplikovanej informatiky, automatizácie a matematiky  |X 45202  |U M6000  |Y 86  |7 A000045202 
856 4 |a info a plný text  |u http://is.stuba.sk/zp/portal_zp.pl?podrobnosti=79520  |3 VAIS 
996 |c M*DP-10384  |l MMSKP  |s P  |a 0  |w stu248849_0001